Départements au nom composé - Mort Subite - Statistiques

Statistiques générales
  • Ce quiz a été pris 94 fois
  • Le résultat moyen est 24 sur 40
Answers on the Grid
Answers color-coded by a green-red scale on the quiz's grid according to % correct below.
04
05
06
13
17
2A
2B
21
22
28
31
35
37
41
43
44
47
49
52
54
62
63
64
65
66
67
68
70
71
74
76
77
79
82
87
90
92
93
94
95
07
38
50
57
69
89
01
02
14
19
73
48
40
25
29
56
81
12
11
34
 
Statistiques - réponses
Réponse % Correct
2A
86%
2B
81%
06
71%
13
71%
92
70%
44
69%
93
69%
04
68%
67
68%
95
68%
05
66%
64
66%
17
65%
21
65%
66
65%
22
64%
65
64%
74
64%
77
64%
90
64%
68
63%
63
61%
76
61%
94
61%
31
59%
62
58%
35
56%
49
56%
71
56%
79
56%
37
55%
82
54%
28
53%
43
50%
87
50%
41
48%
52
46%
54
46%
70
46%
47
44%
Aucun quiz correspondant
Distribution des résultats
% des personnes avec chaque résultat
Percentile par nombre de réponses
Votre historique - résultats
Vous n’avez pas pris ce quiz